Statistics for Latin and Lithuanian - noun declension comparison

Click here to take the quiz!

General Stats

  • This quiz has been taken 5 times
  • The average score is 69 of 99

Answer Stats

HintAnswer% Correct
L23lup{ī}
100%
L30lup{ī}
100%
L26lup{ī}
100%
L33lup{īs}
100%
L24lup{ō}
100%
L25lup{ō}
100%
L32lup{ōrum}
100%
L31lup{ōs}
100%
L22lup{um}
100%
L73man{ibus}
100%
L64man{ū}
100%
L63man{uī}
100%
L61man{um}
100%
L71man{ūs}
100%
L60man{us}
100%
L70man{ūs}
100%
L62man{ūs}
100%
L44ov{e}
100%
L41ov{em}
100%
L51ov{ēs}
100%
L50ov{ēs}
100%
L45ov{ī}
100%
L43ov{ī}
100%
L53ov{ibus}
100%
L40ov{is}
100%
L42ov{is}
100%
L52ov{ium}
100%
L01ros{a}
100%
L05ros{ā}
100%
L03ros{ae}
100%
L04ros{ae}
100%
L06ros{ae}
100%
L10ros{ae}
100%
L02ros{am}
100%
L12ros{ārum}
100%
L11ros{ās}
100%
L13ros{īs}
100%
L21lup{e}
75%
L72man{uum}
75%
V20vilk{e}
75%
V41av{į}
50%
V43av{iai}
50%
V40av{ie}
50%
V42av{ies}
50%
V44av{imi}
50%
V54av{imis}
50%
V53av{ims}
50%
V51av{is}
50%
V52av{ių}
50%
V45av{yje}
50%
V50av{ys}
50%
V55av{yse}
50%
V60dang{au}
50%
V62dang{aus}
50%
V72dang{ų}
50%
V61dang{ų}
50%
V63dang{ui}
50%
V65dang{uje}
50%
V64dang{umi}
50%
V74dang{umis}
50%
V73dang{ums}
50%
V75dang{uose}
50%
V70dang{ūs}
50%
V71dang{us}
50%
V00asaul{e}
50%
V01asaul{ę}
50%
V04asaul{e}
50%
V03asaul{ei}
50%
V05asaul{ėje}
50%
V14asaul{ėmis}
50%
V13asaul{ėms}
50%
V02asaul{ės}
50%
V11asaul{es}
50%
V10asaul{ės}
50%
V15asaul{ėse}
50%
V12asaul{ių}
50%
V02varn{ą}
50%
V01varn{a}
50%
V05varn{a}
50%
V04varn{ai}
50%
V11varn{as}
50%
V06varn{oje}
50%
V14varn{omis}
50%
V13varn{oms}
50%
V03varn{os}
50%
V10varn{os}
50%
V15varn{ose}
50%
V12varn{ų}
50%
V21vilk{ą}
50%
V30vilk{ai}
50%
V34vilk{ais}
50%
V33vilk{ams}
50%
V25vilk{e}
50%
V22vilk{o}
50%
V24vilk{u}
50%
V32vilk{ų}
50%
V23vilk{ui}
50%
V35vilk{uose}
50%
V31vilk{us}
50%

Score Distribution

Percentile by Number Answered

Percent of People with Each Score

Your Score History

You have not taken this quiz